[Event "10th Mumbai Mayors Cup 2017"]
[Site "Mumbai"]
[Date "2017.06.05"]
[Round "3"]
[White "Mahindrakar Indrajeet"]
[Black "Nguyen, Duc Hoa"]
[Result "1-0"]
[WhiteElo "1977"]
[BlackElo "2477"]
[Annotator "TA"]
[PlyCount "139"]
[EventDate "2017.06.04"]
[EventType "swiss"]
[EventCountry "IND"]
[SourceTitle "playchess.com"]
[Source "ChessBase"]
[SourceQuality "1"]

{[%evp 18,139,0,0,0,0,0,0,0,6,19,-1,0,0,5,8,8,6,32,28,37,47,80,33,24,32,34,0,16,0,0,-6,-8,-9,-16,-132,-20,-61,-51,-95,-65,-105,0,0,0,0,0,0,0,0,315,100,281,291,289,237,237,233,263,265,294,282,270,262,418,462,435,457,462,459,455,434,393,390,1705,1706,1640,1252,29990,29984,29991,789,1729,1621,1140,601,984,792,12841,727,934,927,1412,552,535,522,511,378,320,283,322,316,387,360,525,494,584,591,979,918,1133,1117,1068,1056,888,820,12837,10167,12837,11510,12844,12844,12845,12845]} 1. e4 {[%cal Be2e4,Be4e5][%mdl 32]} c5 2. c3 Nf6 3. e5 Nd5 4. g3 d6 5. exd6 e6 6. Bg2 Bxd6 7. Nf3 O-O 8. O-O Nc6 9. d4 cxd4 10. Nxd4 Bd7 {B22: Sicilian: 2 c3} 11. Nf3 {Strongly threatening c4.} Qc7 12. Nbd2 Ne5 {The position is equal.} 13. Nxe5 Bxe5 14. Qe2 {[#]} Bc6 $146 15. Re1 Bd6 16. Ne4 Be7 17. c4 Nb6 18. b3 Rae8 19. Bb2 e5 20. Rad1 f5 21. Nc3 e4 22. Bc1 Qe5 23. Qc2 Bb4 $36 {[%mdl 2048] Black has good play.} 24. Bb2 {And now Nd5 would win.} Qe7 25. Qc1 Bc5 26. a3 (26. Re2 $11) 26... a5 ({Black should try} 26... e3 $1 $17 {[%cal Re3f2]} 27. Rxe3 Bxe3 28. Qxe3 Qxe3 29. fxe3 Rxe3) 27. Re2 Rd8 28. Rde1 h5 29. Na2 {[#]} Rd3 {[#]} (29... e3 $1 $17 {[%mdl 512]} 30. Rxe3 (30. fxe3 Bxg2) 30... Bxe3 31. Rxe3 Qd7 32. Bxc6 bxc6) 30. b4 $1 $11 {[%cal Rb4c5][%mdl 512]} axb4 31. axb4 Bxb4 32. Nxb4 Qxb4 {[#]} 33. Bxg7 $1 {[%mdl 512]} Rf7 $2 {[%mdl 8192]} (33... Kxg7 $11 {and Black stays safe.} 34. Qg5+ Kh8 35. Qh6+ Kg8 36. Qg6+ Kh8 37. Qh6+ Kg8 38. Qg6+ Kh8 39. Qh6+) 34. Be5 $2 (34. Ba1 $18 {is the precise move to win. Hoping for Qh6.} Kf8 35. Qh6+ Ke8 36. Qg6) 34... Nxc4 $2 (34... Qe7 $16 {might work better.} 35. Ba1 Kh7) 35. Qg5+ $18 Kf8 36. Qh6+ ({Weaker is} 36. Qxh5 Nxe5 37. Qh8+ Ke7 $16) 36... Ke7 37. Bf4 Kd7 38. Qxh5 Qe7 39. Bh3 Qf6 40. Rc2 Nb6 (40... Nd6 $142 41. Rc5 b6) 41. Bg5 Qe6 42. Qh8 {[%csl Gg5][%cal Rh8d8]} Qe8 43. Qb2 Nd5 44. Bf1 Qg8 45. h4 f4 $2 (45... Qg7 46. Bxd3 exd3 47. Qxg7 Rxg7) 46. Qe5 {Threatening mate with Bh3+.} Ne7 47. Bxd3 {Black must now prevent Bc4.} exd3 48. Rc3 Qg6 49. Qd4+ (49. Bxe7 $142 Rf8 50. Bxf8 fxg3 51. fxg3 d2 52. Ra1 d1=Q+ 53. Rxd1+ Kc8 54. Qe7) 49... Nd5 50. Rxd3 fxg3 51. Qg4+ Kc7 52. Qxg3+ Kc8 {[#]} 53. Qg4+ (53. Rxd5 $142 $1 Bxd5 54. Re8+ Kd7 55. Rd8+ Kc6 56. Qc3+ Kb6 57. Rxd5 Qb1+ 58. Bc1 Qg6+ 59. Rg5 Qxg5+ 60. hxg5) 53... Rd7 54. Ra3 b6 55. Qe6 (55. Ra7 $142 {Threatens to win with Re6.} Qf7 56. Rxd7 Qxd7 57. Qxd7+ Bxd7 58. h5) 55... Qxe6 56. Rxe6 Kb7 57. Re8 b5 58. Rd8 Rg7 59. Rd3 Nc7 60. Re3 Rg6 (60... Rh7 $142 61. f4 Bd5) 61. Kh2 {White is clearly winning.} Kb6 62. f4 Bd5 63. h5 {[%cal Bh4h5,Bh5h6][%mdl 32]} Rc6 64. h6 Rc2+ 65. Kg3 Rg2+ 66. Kh4 Be6 67. Rd6+ Kc5 68. Rdxe6 Nxe6 69. Rxe6 b4 70. Kh3 {Precision: White = 58%, Black = 31%.} 1-0

[Event "10th Mumbai Mayors Cup 2017"]
[Site "Mumbai"]
[Date "2017.06.05"]
[Round "3"]
[White "Saksham Rautela"]
[Black "Ghosh, Diptayan"]
[Result "0-1"]
[WhiteElo "1969"]
[BlackElo "2569"]
[Annotator "TA"]
[PlyCount "100"]
[EventDate "2017.06.04"]
[EventType "swiss"]
[EventCountry "IND"]
[SourceTitle "playchess.com"]
[Source "ChessBase"]
[SourceQuality "1"]

{[%evp 15,100,36,39,15,24,10,3,3,15,7,39,17,23,25,53,-59,-32,-31,-31,-34,-34,-39,-41,-42,-44,-49,-36,-48,-47,-55,-44,-53,-44,-66,-41,-71,-71,-62,-60,-72,-63,-74,-75,-87,-54,-131,-130,-130,-130,-125,-125,-123,-128,-121,-122,-112,-121,-124,-122,-110,-112,-118,-106,-203,-199,-199,-199,-162,-130,-275,-275,-275,-275,-275,-275,-275,-275,-275,-275,-275,-267,-238,-208,-375,-368,-354,-340]} 1. e4 e5 2. Nf3 Nc6 3. Bb5 a6 4. Ba4 Nf6 5. d3 d6 6. O-O Be7 7. c3 O-O 8. Nbd2 Nd7 9. d4 {C77: Ruy Lopez: 3...a6 4 Ba4 Nf6, unusual lines} exd4 10. Nxd4 Nxd4 11. cxd4 {The position is equal.} Nb6 12. Bc2 f5 13. Bb3+ Kh8 14. e5 f4 {[#]} 15. Nc4 $146 (15. Nf3 $14) ({Predecessor:} 15. exd6 Qxd6 16. Re1 f3 17. Nxf3 {0-1 (64) Karjakin,S (2725)-Carlsen,M (2813) Nice 2010}) 15... Nxc4 (15... f3 $5 16. Nxb6 (16. gxf3 Nxc4 17. Bxc4 Qe8 $11) 16... cxb6 $11) 16. Bxc4 f3 {Strongly threatening ...fxg2.} 17. Bd5 fxg2 18. Bxg2 Qe8 19. f4 Qg6 20. Be3 Bf5 (20... dxe5 {is more complex.} 21. dxe5 Bf5 22. Qe1 Rad8 23. Qg3 Qh6) 21. Qf3 dxe5 22. dxe5 c6 $1 23. Kh1 Rad8 24. Qg3 Qe6 25. Rg1 g6 26. a3 Rd3 27. Rad1 Qb3 28. Rxd3 Qxd3 29. Qf2 Be4 30. Bd4 (30. h3 $15) 30... Bxg2+ $17 31. Rxg2 Qb1+ 32. Qg1 Qe4 $1 {aiming for ...Rd8.} 33. Qe3 Rxf4 {White must now prevent ...Rf1+.} 34. Qxe4 Rxe4 {[%mdl 4096] Endgame KRB-KRB} 35. Rd2 Kg8 36. Bc3 Kf7 37. Rd7 b5 $1 38. Ra7 c5 39. b4 (39. Kg2 $17) 39... Re3 $19 ({Don't take} 39... cxb4 40. Bxb4 Rxe5 41. Kg2 $17) 40. Bd2 {[#]} Re2 $1 {[%cal Re2d2]} ({Weaker is} 40... Rxa3 41. Bg5 $11) 41. Bg5 Rxe5 42. Bxe7 (42. h4 $17 {is the only way for White.}) 42... Rxe7 43. Rxa6 cxb4 44. axb4 {KR-KR} Re4 45. Ra7+ {[#]} Kg8 $1 46. Rb7 Rxb4 47. Kg2 Rg4+ 48. Kf3 Rg5 49. h4 $2 (49. Kf2) 49... Rh5 50. Kg4 Kf8 {Precision: White = 39%, Black = 79%.} 0-1

[Event "10th Mumbai Mayors Cup 2017"]
[Site "Mumbai"]
[Date "2017.06.05"]
[Round "3"]
[White "Krishnater Kushager"]
[Black "Nitin, S.."]
[Result "1-0"]
[WhiteElo "1953"]
[BlackElo "2427"]
[Annotator "TA"]
[PlyCount "54"]
[EventDate "2017.06.04"]
[EventType "swiss"]
[EventCountry "IND"]
[SourceTitle "playchess.com"]
[Source "ChessBase"]
[SourceQuality "1"]

{[%evp 21,54,35,41,13,59,50,76,74,142,131,150,60,54,31,45,0,0,0,0,-93,-53,-23,0,0,0,0,0,0,0,0,0,0,1256,1260,29998]} 1. d4 Nf6 2. c4 g6 3. Nc3 Bg7 4. e4 d6 5. Be2 O-O 6. Nf3 Nbd7 7. O-O e5 8. Re1 exd4 9. Nxd4 Re8 10. Bf1 Nc5 11. f3 a5 12. b3 {E95: King's Indian: Classical: 7...Nbd7 8 Re1} (12. Be3 h6 13. Qd2 Kh7 14. Ndb5 Bd7 15. Rad1 b6 16. Nd5 Rc8 17. Na7 Rb8 18. Nb5 Na6 19. Bd4 Nxd5 20. cxd5 {½-½ (32) Panjwani,R (2422)-Le,Q (2712) Saint Louis 2013}) 12... Bd7 13. Be3 Nh5 14. Qd2 $146 {White is better.} ({Predecessor:} 14. a3 a4 15. b4 Nb3 16. Rb1 f5 17. Rxb3 axb3 18. Qxb3 c5 19. Ndb5 Be5 20. Bf2 {0-1 (33) Moayed,O (2111)-Issa,R (2408) Marrakesh 2016}) 14... f5 {[#]} ({Black should play} 14... Ne6) 15. exf5 $1 $16 gxf5 16. Bh6 (16. Rad1 $16) 16... Be5 $14 17. f4 Bf6 18. Be2 Ne4 19. Nxe4 Rxe4 20. Nxf5 (20. Nc2 $1 $11 {was the only way to keep the balance.} Bxa1 21. Rxa1) 20... Bxa1 21. Qd5+ ({Not} 21. Rxa1 $2 Qf6 $19) 21... Re6 {...c6 is the strong threat.} 22. Bxh5 ({Of course not} 22. Rxa1 c6 $17) 22... c6 23. Qd1 $40 {[%mdl 128] Intending Rxe6 and mate. Black needs to defend precisely.} Rxe1+ $1 24. Qxe1 Bxf5 25. Qxa1 {[%csl Gh6][%cal Ra1g7]} Qe7 26. Qc3 Bg6 $2 {[%mdl 8192] [#]} (26... a4 $11) 27. Bg4 $1 $18 {[%cal Rg4e6] White threatens Be6+! and mate.} Re8 {Precision: White = 36%, Black = 35%.} 1-0

[Event "10th Mumbai Mayors Cup 2017"]
[Site "Mumbai"]
[Date "2017.06.05"]
[Round "3"]
[White "Sai, Krishna S"]
[Black "Babujian, Levon"]
[Result "1/2-1/2"]
[WhiteElo "1946"]
[BlackElo "2438"]
[Annotator "TA"]
[PlyCount "130"]
[EventDate "2017.06.04"]
[EventType "swiss"]
[EventCountry "IND"]
[SourceTitle "playchess.com"]
[Source "ChessBase"]
[SourceQuality "1"]

{[%evp 22,130,-40,-40,-14,-9,-4,-9,4,0,19,0,0,0,10,0,39,22,69,27,18,0,32,18,50,29,18,0,387,374,389,372,491,512,497,498,536,533,531,525,529,529,530,526,520,495,468,501,526,508,517,516,519,404,376,297,308,307,287,282,258,261,329,322,314,214,253,215,390,376,396,396,396,335,335,335,335,342,316,254,254,254,381,373,404,403,869,631,2054,1952,1983,1849,29989,29990,29991,29989,29989,29975,29970,1514,1490,1415,1434,1375,1104,454,447,432,432,0,0]} 1. d4 Nf6 2. Nf3 g6 3. c4 Bg7 4. Nc3 d5 5. e3 O-O 6. Bd3 c5 7. dxc5 Qa5 8. O-O dxc4 9. Bxc4 Qxc5 10. Qe2 Bg4 {D94: Grünfeld: 4 Nf3 Bg7 5 e3} (10... Nc6 11. h3 Nd7 12. e4 Nb6 13. Bb3 Na5 14. Be3 Qb4 15. Bd5 Nac4 16. Bxb6 Nxb6 17. a3 Qc5 18. Rac1 Qa5 19. Rfd1 {1-0 (35) Anwuli,D (2365)-Klaasen,C (2202) Pretoria 2016}) 11. Bb3 Nc6 {[%cal Bb8c6,Bc6e5,Be5d3,Bd3c5,Bc5e4][%mdl 32]} 12. h3 {LiveBook: 4 Games} Bxf3 {Black is slightly better.} 13. Qxf3 Rad8 14. Qe2 $146 ({Predecessor:} 14. a3 Ne5 15. Qe2 a6 16. e4 Nc6 17. Be3 Qa5 18. Rad1 Rxd1 19. Rxd1 {½-½ (57) Kainz,J (1960)-Mesaros,S (1791) Bad Gleichenberg 2013}) 14... e6 15. Bd2 Ne5 16. Rac1 {And now Nd5 would win.} Nd3 17. Rc2 Qe5 18. Bc4 Nc5 19. Rfc1 Qf5 20. a3 a6 21. b4 $36 {[%mdl 2048] White is more active.} (21. g4 $5 {[%cal Rg4f5]} Qe5 22. f4 $14) 21... Nce4 22. Be1 h5 23. Ba2 {[%cal Bc4a2,Ba2b1,Bb1e4,Be4f3][%mdl 32]} Rd7 24. Bb1 {Hoping for Nxe4.} Rfd8 $2 {[%mdl 8192]} (24... Nxc3 $11 25. Rxc3 Qe5) 25. Nxe4 $1 $18 Nxe4 26. Rc4 b5 27. Bxe4 Qe5 28. Bc3 Qb8 29. Rc6 Bxc3 30. R6xc3 Qe5 31. Bf3 Rd2 32. Qe1 Kg7 33. R3c2 R2d3 34. Ra2 h4 35. Qe2 Rb3 36. Bb7 Rd6 37. Qf3 Rdd3 38. Qf4 Qxf4 39. exf4 Rxa3 40. Rxa3 Rxa3 {[%mdl 4096] Endgame KRB-KR} 41. Rc6 Ra4 42. Bxa6 ({But not} 42. Rxa6 Rxb4 43. g3 Rc4 $18) 42... Rxb4 43. Rb6 Rb1+ 44. Kh2 b4 $2 (44... Rb2 45. f3 (45. Rxb5 Rxf2 46. Rb4 Kf6 $18) 45... Rb4 46. Bxb5 Rxf4) 45. g4 hxg3+ 46. fxg3 Rb2+ 47. Kg1 Kf6 48. g4 g5 49. f5 $1 Ke5 50. fxe6 fxe6 51. Bc4 Kf4 (51... Ke4 {was necessary.} 52. Bxe6 Kf3 53. Bd5+ Kg3) 52. Rxe6 Rc2 53. Bd5 Rd2 (53... Kg3 $142 54. Re3+ Kf4 55. Rf3+ Ke5) 54. Bg2 b3 55. Re4+ Kg3 56. Re3+ Kh4 {[#]} 57. Kh2 $1 (57. Rxb3 Rxg2+ 58. Kxg2 $11) 57... Rd8 58. Re7 {[%cal Re7h7]} (58. Rxb3 Rd2 $11) 58... Rh8 59. Rb7 b2 60. Kg1 ({Worse is} 60. Rxb2 Rb8 $11) (60. Be4 $142 b1=Q 61. Bxb1 Rh6 62. Bf5 Rh8 63. Kg2 Rh6 64. Rg7 Rh8 65. Bd3) 60... Rc8 61. Rxb2 Rc1+ {[#]} 62. Bf1 $1 Kg3 63. Rb8 (63. Rb5 $142 Kh4 64. Kf2) 63... Rc2 64. Rb3+ Kh4 {intending ...Rg2+.} 65. Re3 $2 (65. Rb6 $18) 65... Rg2+ $1 {Precision: White = 58%, Black = 32%.} 1/2-1/2

[Event "10th Mumbai Mayors Cup 2017"]
[Site "Mumbai"]
[Date "2017.06.05"]
[Round "3"]
[White "Vijay, Anand M"]
[Black "Murshed, Niaz"]
[Result "0-1"]
[WhiteElo "1943"]
[BlackElo "2423"]
[Annotator "TA"]
[PlyCount "90"]
[EventDate "2017.06.04"]
[EventType "swiss"]
[EventCountry "IND"]
[SourceTitle "playchess.com"]
[Source "ChessBase"]
[SourceQuality "1"]

{[%evp 9,90,9,10,12,14,6,35,37,28,34,31,21,38,34,32,35,45,14,41,51,48,49,57,47,52,30,33,35,45,34,43,32,27,0,0,-17,-16,-24,0,0,0,0,0,0,0,-35,-2,-9,-16,-20,-20,-41,-36,-33,-21,-55,-52,-85,-77,-69,-60,-75,-60,-123,-22,-150,-140,-227,-218,-226,-227,-286,-262,-399,-391,-706,-685,-482,-474,-12840,-12840,-12841,-12841]} 1. e4 c5 2. Nf3 e6 3. g3 d5 4. exd5 exd5 5. d4 Nc6 (5... Nf6 6. Bg2 Be7 7. O-O O-O 8. dxc5 Bxc5 9. Nc3 Nc6 10. a3 h6 11. b4 Be7 12. Qd3 a6 13. Bb2 Be6 14. Ne2 Qc8 15. Nf4 Bf5 16. Qb3 Be4 17. Rad1 Qf5 {½-½ (46) Artemiev,V (2655)-Grachev,B (2650) Moscow 2017}) 6. Bg2 {B40: Sicilian: 2...e6, Unusual lines} Bg4 7. O-O Nxd4 8. Qe1+ {White is slightly better.} Be7 9. Nxd4 cxd4 10. Qe5 Nf6 11. Qxd4 O-O 12. Nc3 {[%cal Rc3d5]} Be6 13. Rd1 Qc8 $146 14. Be3 Rd8 15. Rd2 Rd7 16. Rad1 h6 17. Qa4 {[%cal Rc3d5]} Qc6 18. h3 Qxa4 19. Nxa4 b6 20. Nc3 {[%cal Rc3d5]} Rad8 21. Bd4 Ne4 22. Nxe4 dxe4 23. Bxe4 Bf6 (23... Bg5 $5 {[%cal Rg5d2]} 24. f4 Bf6 $11) 24. c3 Bxd4 25. Rxd4 Rxd4 26. cxd4 Bxa2 $11 {[%mdl 4096] Endgame KRB-KRB} 27. Kg2 Bd5 28. f3 Bb3 29. Rd2 Kf8 30. Kf2 Ke7 31. Ke3 Rc8 32. h4 a5 33. Bb7 Rc7 34. Ba6 Kd6 35. Bd3 a4 36. Kf4 ({White should try} 36. Re2 $15) 36... Rb7 (36... Bc4 $17 {...Bxd3 is the strong threat.} 37. Bc2 b5) 37. Bb5 (37. Re2 $11) 37... Ra7 $17 38. Bd3 (38. d5 $17) 38... Ra5 $1 $19 39. Re2 {[#]} b5 $1 {[%cal Bb6b5,Bb5b4,Bb4a3][%mdl 32]} 40. Re5 Bd5 41. Be4 {[#]} (41. Re1 $142) 41... b4 $1 42. Ke3 $2 (42. Bd3) 42... a3 {Black is clearly winning.} 43. bxa3 bxa3 {White must now prevent ...a2.} 44. Bxd5 (44. Bb1 $142) 44... Rxd5 45. Re8 Ra5 {Precision: White = 39%, Black = 72%.} 0-1

[Event "10th Mumbai Mayors Cup 2017"]
[Site "Mumbai"]
[Date "2017.06.05"]
[Round "3"]
[White "Shetye, Siddhali"]
[Black "Rathanvel, V S"]
[Result "1/2-1/2"]
[WhiteElo "1932"]
[BlackElo "2332"]
[Annotator "NA"]
[PlyCount "50"]
[EventDate "2017.06.04"]
[EventType "swiss"]
[EventCountry "IND"]
[SourceTitle "playchess.com"]
[Source "ChessBase"]
[SourceQuality "1"]
[TimeControl "5400+30"]

1. d4 Nf6 2. c4 g6 3. Nc3 d5 4. Nf3 Bg7 5. Bf4 O-O 6. e3 c5 7. dxc5 Qa5 8. Rc1 dxc4 9. Bxc4 Qxc5 10. Bb3 Nc6 11. O-O Qa5 12. h3 Bf5 13. Qe2 Ne4 14. g4 Nxc3 15. bxc3 e5 16. Bg3 Bd7 17. Rfd1 Qc7 18. Ng5 $14 (18. Qd3 $5 {[%cal Rd3d7]} Rad8 19. Qe4 $14) 18... h6 19. Ne4 Na5 20. Bd5 Kh8 21. g5 h5 22. Nf6 Ba4 23. Rd2 Bd7 24. Rdd1 Ba4 25. Rd2 Bd7 1/2-1/2

[Event "10th Mumbai Mayors Cup 2017"]
[Site "Mumbai"]
[Date "2017.06.05"]
[Round "3"]
[White "Parthasarathy, R."]
[Black "Muthaiah AL"]
[Result "0-1"]
[WhiteElo "1922"]
[BlackElo "2297"]
[Annotator "NA"]
[PlyCount "64"]
[EventDate "2017.06.04"]
[EventType "swiss"]
[EventCountry "IND"]
[SourceTitle "playchess.com"]
[Source "ChessBase"]
[SourceQuality "1"]
[TimeControl "5400+30"]

1. e4 d6 2. d4 Nf6 3. Nc3 c6 4. f4 g6 5. Nf3 Bg7 6. Bd3 O-O 7. O-O Na6 8. a3 c5 9. d5 Nc7 10. a4 {LiveBook: 90 Games} b6 $14 11. Ne2 e6 12. c4 exd5 13. exd5 Na6 14. Bd2 Re8 15. Ng3 Ng4 16. Qc1 Nb4 17. Bb1 f5 18. h3 Nf6 19. Re1 Bd7 20. Ra3 Qc7 21. Rae3 Bxa4 22. Ng5 Bd7 23. Ne6 Bxe6 24. dxe6 Nc6 25. Bc3 Nd4 26. Qd1 Rad8 27. b3 Re7 28. Ne2 Nxe6 29. Ng3 Rde8 30. Nxf5 gxf5 31. Rg3 Nd4 32. Rxe7 Qxe7 0-1

[Event "10th Mumbai Mayors Cup 2017"]
[Site "Mumbai"]
[Date "2017.06.05"]
[Round "3"]
[White "Sarvesh Kumar A"]
[Black "Akash Pc, Iyer"]
[Result "0-1"]
[WhiteElo "1905"]
[BlackElo "2282"]
[Annotator "NA"]
[PlyCount "94"]
[EventDate "2017.06.04"]
[EventType "swiss"]
[EventCountry "IND"]
[SourceTitle "playchess.com"]
[Source "ChessBase"]
[SourceQuality "1"]
[TimeControl "5400+30"]

1. e4 Nc6 2. d4 d5 3. Nc3 e6 4. e5 Nge7 5. Nf3 Nf5 6. Be3 Bd7 7. Bd3 Nxe3 8. fxe3 Nb4 9. e4 Nxd3+ 10. Qxd3 c6 11. O-O Be7 12. Ne2 Qb6 13. c3 O-O-O 14. b4 f6 15. a4 dxe4 16. Qxe4 f5 17. Qd3 g5 18. a5 Qc7 19. Rfb1 Be8 20. Qc4 Rd5 21. Qb3 Kb8 22. c4 Rd8 23. b5 cxb5 24. cxb5 Qd7 25. b6 a6 26. Rc1 Qd5 27. Qxd5 Rxd5 28. Rc7 Bd8 29. Nc3 Rd7 30. Rxd7 Bxd7 31. d5 exd5 32. Nxd5 Bc6 33. Nf6 Be7 34. Nxg5 Rd8 35. Re1 Bc5+ 36. Kh1 Bb4 37. Rb1 Bxa5 38. e6 Bb4 39. h4 Be7 40. Nfxh7 Rd4 41. Rc1 Rxh4+ 42. Kg1 Rg4 43. Nf3 Bxf3 44. Rc7 Rg7 45. Ng5 Bc6 46. Nf7 Bc5+ 47. Kf1 Rg8 0-1

[Event "10th Mumbai Mayors Cup 2017"]
[Site "Mumbai"]
[Date "2017.06.05"]
[Round "3"]
[White "Tarun Kanyamarala"]
[Black "Raghunandan, Kaumandur Srihari"]
[Result "0-1"]
[WhiteElo "1895"]
[BlackElo "2410"]
[Annotator "TA"]
[PlyCount "116"]
[EventDate "2017.06.04"]
[EventType "swiss"]
[EventCountry "IND"]
[SourceTitle "playchess.com"]
[Source "ChessBase"]
[SourceQuality "1"]

{[%evp 19,116,18,22,10,19,0,6,8,12,-13,3,-9,0,-15,9,7,39,-16,41,41,50,56,63,70,66,49,66,0,0,0,0,-7,0,-10,-2,-8,-4,-7,10,-22,-26,-26,-26,-31,-26,-62,-20,-78,-24,-72,-31,-45,-46,-35,-45,-60,-56,-108,-126,-159,-157,-228,-183,-563,-350,-490,-263,-429,-438,-434,-429,-518,-510,-470,-373,-495,-469,-444,-414,-421,-426,-420,-419,-419,-419,-472,-465,-468,-464,-506,-487,-496,-425,-591,-588,-709,-718,-29983,-29984]} 1. d4 d5 2. Nf3 {[%cal Bg1f3,Bf3d2,Bd2b3][%mdl 32]} Nf6 3. c4 e6 4. Nc3 c6 5. Bg5 Nbd7 6. e3 Qa5 7. Nd2 Bb4 8. Qc2 O-O 9. Be2 c5 10. O-O cxd4 11. Nb3 {D52: Queen's Gambit Declined: Cambridge Springs Variation} Qb6 12. exd4 {Threatening c5.} (12. Na4 Qc7 13. Nxd4 dxc4 14. Bxc4 Bd6 15. Rac1 Bxh2+ 16. Kh1 Bd6 17. Nb5 Qc6 18. Nxd6 Qxd6 {½-½ (88) Grischuk,A (2760)-Shirov,A (2739) Moscow 2010}) 12... dxc4 13. Bxc4 {The position is equal.} Qc7 14. Bd3 b6 (14... h6 $5 {[%cal Rh6g5]} 15. Bh4 (15. Bxf6 Nxf6 16. Rfc1 b6 $15) 15... b6 $11) 15. Rac1 Bb7 16. Qe2 Bxc3 17. bxc3 Rac8 18. Bh4 $146 (18. c4 $14) ({Predecessor:} 18. Rfe1 Rfe8 {½-½ (45) Dub,Z (2270)-Pap,G (2226) Budapest 2004}) 18... Rfe8 (18... Nd5 $11) 19. Rfe1 $14 Qc6 {[%csl Gb7][%cal Rc6g2]} 20. f3 Nh5 {[%cal Bf6h5,Bh5f4,Bf4e2][%mdl 32]} 21. Bb5 Qc7 22. Qd2 Bc6 23. Bxc6 ({White should play} 23. Bf1 $14) 23... Qxc6 $11 24. c4 Qa4 25. Qc2 Nf4 26. Nd2 Qxc2 27. Rxc2 e5 28. dxe5 Rxe5 29. Rxe5 Nxe5 30. Bg3 Ne2+ 31. Kf2 Nxg3 32. hxg3 $15 {[%mdl 4096] Endgame KRN-KRN} f6 33. Ke3 (33. g4 $11 {remains equal.}) 33... Kf8 (33... Re8 $17 {Black wants to play ...Nc6+.} 34. Nb3 Nxc4+ 35. Kf2 Rc8) 34. f4 Nc6 {White must now prevent ...Re8+.} 35. a3 Re8+ 36. Kd3 Rd8+ 37. Ke3 $1 Nd4 38. Rb2 (38. Rc3 $15) 38... Nf5+ $17 39. Kf3 {[#]} h5 $1 40. Nf1 (40. g4 $17 hxg4+ 41. Kxg4 Ne3+ 42. Kf3) 40... Rd1 41. Rf2 $2 (41. Kf2 {is a better chance.}) 41... Ra1 42. a4 Rxa4 (42... Re1 $142 {[%cal Rf5d4]} 43. g4 hxg4+ 44. Kxg4 {[#]} Rxf1 $1 {[%mdl 512]} 45. Rxf1 Ne3+ 46. Kf3 Nxf1) 43. Ke4 $2 (43. g4 hxg4+ 44. Kxg4) 43... Rxc4+ $19 44. Kd5 Rc1 {aiming for ...Rxf1!} 45. Ke6 Re1+ 46. Kd7 Ne3 47. Nd2 Ng4 48. Rf3 Re2 49. Nc4 b5 50. Nd6 b4 51. Rb3 a5 52. Nb7 Ra2 53. Kc6 Ra3 54. Rb1 Ne3 55. Kb5 Nd5 {Threatens to win with ...Nc3+.} 56. Re1 Rxg3 57. Nxa5 Nxf4 58. Kxb4 Nd3+ {Precision: White = 29%, Black = 51%.} 0-1

[Event "10th Mumbai Mayors Cup 2017"]
[Site "Mumbai"]
[Date "2017.06.05"]
[Round "3"]
[White "Adarsh Tripathi"]
[Black "Das, Sayantan"]
[Result "0-1"]
[WhiteElo "1866"]
[BlackElo "2401"]
[Annotator "NA"]
[PlyCount "120"]
[EventDate "2017.06.04"]
[EventType "swiss"]
[EventCountry "IND"]
[SourceTitle "playchess.com"]
[Source "ChessBase"]
[SourceQuality "1"]
[TimeControl "5400+30"]

1. e4 e6 2. Nc3 d5 3. Nf3 Nf6 4. e5 Nfd7 5. d4 c5 6. dxc5 Nc6 7. Bf4 Nxc5 8. Be3 a6 9. Qd2 Qc7 10. O-O-O b5 11. Bxc5 Bxc5 12. Qg5 O-O 13. Bd3 h6 14. Qg3 $17 Bd7 15. h4 Rac8 16. h5 Nb4 17. Kb1 Be7 18. Nd4 f6 19. Qg6 Nxd3 20. Rxd3 Qxe5 21. Rg3 f5 22. Nxe6 Bxe6 23. Re3 Bf7 24. Rxe5 Bxg6 25. hxg6 Bf6 26. Rxd5 Bxc3 27. bxc3 Rc6 28. Rh5 Rxg6 29. Rdxf5 Rxg2 30. Rxf8+ Kxf8 31. Rf5+ Ke7 32. Kb2 g6 33. Rf3 h5 34. c4 bxc4 35. Kc3 Rg4 36. Kd2 h4 37. Ke2 Re4+ 38. Kf1 a5 39. Kg2 Ke6 40. Ra3 Re5 41. Ra4 Rc5 42. Ra3 g5 43. Kh3 Kf5 44. Rf3+ Kg6 45. Rf8 Rf5 46. Rg8+ Kf7 47. Rc8 Rxf2 48. Rxc4 Kg6 49. Rc8 Rf3+ 50. Kg2 Ra3 51. Rg8+ Kh5 52. Rh8+ Kg4 53. Rc8 Rxa2 54. Rc4+ Kh5 55. Rc8 a4 56. Kf3 Ra1 57. Rh8+ Kg6 58. Rg8+ {Ra8 Rf1 Kg2 Rf4 Ra6} Kf5 {Kh3 Rf3} 59. Kg2 {Rg3 Kh2} a3 {Ra5 Kg4 Ra4 Kh5 Rc4 Re3 Rc5 h3 Rc4 a2 Ra4 g4} 60. Ra8 {Re2 Kg3 Rg2} Kf4 {h2 Kf5 Rf2 Ke5 g32} 0-1

[Event "10th Mumbai Mayors Cup 2017"]
[Site "Mumbai"]
[Date "2017.06.05"]
[Round "3"]
[White "Yash Dhoke"]
[Black "Saravana, Krishnan P"]
[Result "0-1"]
[WhiteElo "1828"]
[BlackElo "2353"]
[Annotator "NA"]
[PlyCount "68"]
[EventDate "2017.06.04"]
[EventType "swiss"]
[EventCountry "IND"]
[SourceTitle "playchess.com"]
[Source "ChessBase"]
[SourceQuality "1"]
[TimeControl "5400+30"]

1. d4 Nf6 2. c4 Nc6 3. Nf3 e6 4. Nc3 Bb4 5. Qc2 d6 6. Bd2 O-O 7. a3 Bxc3 8. Bxc3 Qe7 9. e4 e5 10. d5 Nb8 11. b4 Nh5 12. Be2 Nf4 13. O-O f5 14. h3 Qf7 15. Kh2 h6 $15 ({Better is} 15... fxe4 $17 16. Qxe4 Bxh3) 16. Ng1 fxe4 17. Qxe4 b5 18. g3 Bf5 19. Qe3 Nxe2 20. Qxe2 bxc4 21. Qxc4 Nd7 22. Rad1 Nb6 23. Qb5 a6 24. Qe2 Nxd5 25. Bb2 Bd7 26. Qd2 Bb5 27. Ne2 c6 28. Ra1 Qf3 29. Ng1 Qh5 30. Rfe1 Qg5 31. Qc2 Bd3 32. Qxd3 Rxf2+ 33. Kh1 Rxb2 34. h4 Qd2 0-1